Top 10 Rappers 2017 - Statistics

General Stats
  • This quiz has been taken 151 times
  • The average score is 5 of 10
Answer Stats
Number Answer % Correct
#2 Drake
85%
#1 Kendrick Lamar
75%
#6 J. Cole
53%
#3 Migos
53%
#5 Future
51%
#4 Travis $cott
39%
#7 Big Sean
37%
#8 Young thug
26%
#10 Joey Bada$$
23%
#9 Desiigner
14%
No matching quizzes found
Score Distribution
Percent of People with Each Score
Percentile by Number Answered
Your Score History
You have not taken this quiz